00863nam a2200217Ia 4500003000900000008004100009040001600050080002000066111010300086245016800189260004800357300001500405490003000420500002600450650003300476650004100509650002100550700002200571700001800593710003400611IN-BaIIA211028s9999 xx 000 0 eng d cIIA Library a520.8(063)bESO aESO/CERNĀ ConferenceĀ on Auxiliary Instrumentation for Large TelescopescSwitzerlandd1972 May 2-5 0aAuxiliary instrumentation for large telescopesbproceedings of the ESO/CERN Conference held in Geneva, Switzerland, May 2-5 1972cedited by Laustsen S. and Reiz A. aGenevabEuropean Southern Observatoryc1972 axiv, 525p. aESO coference proceedings aDonated by Mrs. Bappu aAstronomical instrumentation aAstronomy and Astrophysics Thesaurus aLarge telescopes aLaustsen, S., ed. aReiz, A., ed. aEuropean Southern Observatory